The pursuit of love. /
Uložené v:
| Hlavný autor: | |
|---|---|
| Médium: | Kniha |
| Jazyk: | English |
| Vydané: |
Harmondsworth :
Penguin Books Ltd.,
1954
|
| Vydanie: | 1. vyd. - reprint. |
| Edícia: | Penguin books
711. |
| Témy: | |
| ISBN: |
(brož.) |
| Fyzický popis: |
220 s. |
| Tagy: |
Pridať tag
Žiadne tagy, Buďte prvý kto otaguje tento záznam!
|
Titul je dostupný aj v ... 

MARC
| LEADER | 00000nam a2200000 a 4500 | ||
|---|---|---|---|
| 001 | 000077821 | ||
| 003 | SVKK | ||
| 005 | 20030324000000.0 | ||
| 008 | 030205s1954 xxk e engo | ||
| 020 | |a (brož.) | ||
| 040 | |a SVKKK |b slo |c SVKKK |e AACR2 | ||
| 041 | 0 | |a eng | |
| 044 | |a xxk |c GB | ||
| 080 | |a 821.111-3 |2 1997 | ||
| 100 | 1 | |a Mitford, Nancy |4 aut | |
| 245 | 1 | 0 | |a The pursuit of love. / |c Nancy Mitford |
| 250 | |a 1. vyd. - reprint. | ||
| 260 | |a Harmondsworth : |b Penguin Books Ltd., |c 1954 | ||
| 300 | |a 220 s. | ||
| 440 | 0 | |a Penguin books |v 711. | |
| 655 | 7 | |a umelecká literatúra |2 SVKKKPH | |
| 910 | |a svkkk | ||
| 974 | |a UH |d 20030306 | ||
| 974 | |a KL |d 20030227 | ||
| 974 | |a MI |d 20030324 | ||
| 998 | |a BK | ||
| 090 | |g SCKHL |k Sklad Hlavná 10 prízemie |a I.71931 |j 950999 |i 2720402517 |s Prezenčne | ||